Retrouvez le genre de jeux vidéo - Statistiques

Statistiques générales
  • Ce quiz a été pris 81 fois
    72 depuis la dernière actualisation
  • Le résultat moyen est 9 sur 13
Statistiques - réponses
Hint Réponse % Correct
Call of Duty : Modern Warfare 2 FPS
87%
Valorant FPS
83%
Trackmania Jeux de Course
83%
Forza Jeux de Course
83%
Mario Bros Jeux de plateforme
83%
World of Warcraft MMORPG
75%
The Legend of Zelda : Breath of the Wild Jeux d'action/aventure
73%
Red Dead Redemption Jeux d'action/aventure
71%
League of Legend MOBA
67%
Céleste Jeux de plateforme
59%
Civilisation V RTS
57%
StarCraft RTS
43%
Mario & Luigi : Partners in Time RPG
21%
Aucun quiz correspondant
Distribution des résultats
% des personnes avec chaque résultat
Percentile par nombre de réponses
Votre historique - résultats
Vous n’avez pas pris ce quiz depuis la dernière actualisation